00660 2200241 4500001002100000005001500021035002000036245008200056100002500138250000600163300003500169700001900204260003900223082001100262084001700273020002200290650002100312990001700333990001700350990001700367990001700384990001700401INLIS00000000000018620180907111110 a0010-09180000401 aKiat Menulis Karya Ilmiah /cDiah Erma Triningsih; Ilustrator, Rahmat Isnaini0 aDiah Erma Triningsih a- aiv, 68 hlm. :bilus. ;c21 cm.0 aRahmat Isnaini aKlaten :bPT Intan Pariwara,c2008 a808.02 a808.02 DIA k a978-979-28-0375-4 aTeknik Penulisan a00794/P/2018 a00795/P/2018 a00796/P/2018 a00797/P/2018 a00798/P/2018